|
|
|
|
| LEADER |
00754nam a2200193 a 4500 |
| 001 |
GR-MES10410 |
| 008 |
060705s nyu 000 0 gre d |
| 020 |
|
|
|a 0471402486
|
| 040 |
|
|
|a GrPaTEI
|b gre
|c GR-PaULI
|
| 040 |
|
|
|a GrPaTEI
|b gre
|c GR-PaULI
|
| 100 |
1 |
|
|a Horstmann, Cay
|
| 245 |
1 |
0 |
|a Big Java /
|c Cay Horstmann.
|
| 260 |
|
|
|a New York :
|b Wiley,
|c c2002
|
| 300 |
|
|
|a xviii ,1202σ. :
|b εικ. (μερικές έγχρ.) ;
|c 24εκ.
|
| 650 |
|
0 |
|a Java (Computer program language)
|
| 942 |
|
|
|2 ddc
|
| 952 |
|
|
|0 0
|1 0
|2 ddc
|4 0
|6 005_133000000000000_HOR
|7 0
|9 269894
|a MSLG
|b MSLG
|c BSC
|d 2021-01-17
|e 24
|f 0
|g 0.00
|l 0
|o 005.133 HOR
|p 2420000020130
|r 2021-01-17 00:00:00
|t 1
|w 2021-01-17
|y BK15
|x 20060705 0 1
|x GrPaTEI
|
| 971 |
|
|
|a .b25764573
|b 15-04-20
|c 13-09-16
|
| 999 |
|
|
|c 155817
|d 155817
|